[Event "Basel Carnival op"]
[Site "Basel"]
[Date "2023.02.26"]
[Round "5"]
[White "Jud, Marc"]
[Black "Baghirov, Rasul"]
[Result "1/2-1/2"]
[WhiteElo "1858"]
[BlackElo "2089"]
[PlyCount "94"]
[EventDate "2023.02.24"]
[EventType "swiss"]
[EventRounds "5"]
[EventCountry "SUI"]
[SourceTitle "CBM 213 Extra"]
[Source "ChessBase"]
[SourceDate "2023.05.31"]
[SourceVersion "1"]
[SourceVersionDate "2023.05.31"]
[SourceQuality "1"]

1. e4 c5 2. Nf3 a6 3. c4 Nc6 4. Nc3 Nd4 5. Nxd4 cxd4 6. Ne2 e5 7. d3 d6 8. f4 f5 9. exf5 Bxf5 10. Ng3 Qh4 11. Qh5+ Qxh5 12. Nxh5 Nf6 13. Ng3 Bd7 14. Be2 0-0-0 15. 0-0 Be7 16. Bf3 Rhe8 17. Bd2 Bc6 18. Bxc6 bxc6 19. Rab1 Ng4 20. h3 exf4 21. Bxf4 Ne3 22. Rfe1 Bh4 23. Kh2 g5 24. Bxe3 Rxe3 25. Rxe3 dxe3 26. Re1 Re8 27. Re2 d5 28. Nf5 Re5 29. Nxh4 gxh4 30. cxd5 cxd5 31. d4 Re4 32. Kg1 Kd7 33. Kf1 Kd6 34. Re1 Rf4+ 35. Kg1 Rxd4 36. Rxe3 Rd2 37. Ra3 Rxb2 38. Rxa6+ Kc5 39. Rh6 Rxa2 40. Rxh7 Ra4 41. Kf2 Re4 42. Rg7 Kd4 43. Rd7 Kc4 44. Kf3 Kd4 45. Rd8 Re3+ 46. Kf2 Re7 47. Rh8 Re4 1/2-1/2

[Event "Basel Carnival op"]
[Site "Basel"]
[Date "2023.02.25"]
[Round "3"]
[White "Erne, Raphael"]
[Black "Baghirov, Rasul"]
[Result "1/2-1/2"]
[WhiteElo "2016"]
[BlackElo "2089"]
[PlyCount "62"]
[EventDate "2023.02.24"]
[EventType "swiss"]
[EventRounds "5"]
[EventCountry "SUI"]
[SourceTitle "CBM 213 Extra"]
[Source "ChessBase"]
[SourceDate "2023.05.31"]
[SourceVersion "1"]
[SourceVersionDate "2023.05.31"]
[SourceQuality "1"]

1. c4 b6 2. d4 Nf6 3. Nc3 Bb7 4. Qc2 e6 5. e4 d6 6. Bd3 Be7 7. Nf3 Nbd7 8. 0-0 h6 9. b3 0-0 10. Ne2 e5 11. Bb2 exd4 12. Nfxd4 Ng4 13. Ng3 Bf6 14. Be2 Bxd4 15. Bxd4 Qh4 16. Bxg4 Qxg4 17. Rae1 Rae8 18. f3 Qg6 19. Nf5 f6 20. Ng3 Rf7 21. Nf5 Rff8 22. Re3 Re6 23. Rfe1 Ne5 24. h3 Nf7 25. e5 Kh7 26. exf6 Ne5 27. Bxe5 dxe5 28. Rxe5 Rexf6 29. Ne3 Bxf3 30. Qxg6+ Rxg6 31. Kf1 Rff6 1/2-1/2